Economic development in Southeast Asia : the Chinese dimension
| Main Author: | |
|---|---|
| Other Authors: | |
| Format: | Book |
| Published: |
Stanford :
Hoover Institution Press ,
c1980
|
| Subjects: |
MARC
| LEADER | 00000cam a2200000 7i4500 | ||
|---|---|---|---|
| 001 | 0000001036 | ||
| 005 | 20050427.0 | ||
| 040 | |a INS | ||
| 090 | 0 | 0 | |a HC441. |b W8 1980 |
| 100 | 0 | |a Yuan-Li Wu | |
| 245 | 1 | 0 | |a Economic development in Southeast Asia : |b the Chinese dimension |c Yuan-Li Wu |
| 260 | |a Stanford : |b Hoover Institution Press , |c c1980 | ||
| 300 | |a xiii, 291p. : |b stat. ; |c 23 cm. | ||
| 651 | 0 | |a Asia, Southeast |x Economic conditions | |
| 700 | 0 | |a Chun-Hsi Wu | |
| 999 | |a 0000000333 |b BOOK |c Open Shelf |e Default branch | ||